Statistics for Jared Leto - Roles by Picture

Click here to take the quiz!

General Stats

  • This quiz has been taken 9 times
  • The average score is 18 of 31

Answer Stats

Answer% Correct
Dr. Michael Morbius
100%
The Joker
100%
Angel Face
71%
Rayon
71%
Adam Neumann
57%
Albert Sparma
57%
Basil
57%
Beck
57%
Casey
57%
Frankie Griffin
57%
Glen Walker
57%
Harry Goldfarb
57%
Jack Hayes
57%
Jordan Catalano
57%
Junior
57%
Lane Dixon
57%
Mark David Chapman
57%
Michael
57%
Nemo Nobody
57%
Paul Allen
57%
Paul Gardener
57%
Ray Fernandez
57%
Steve Prefontaine
57%
Vitaly Orlov
57%
2nd Lt. William Whyte
43%
Dexter
43%
Niander Wallace
43%
Paolo Gucci
43%
Tobias Jacobs
43%
Hephaistion
29%
Nick Lowell
29%

Score Distribution

Percentile by Number Answered

Percent of People with Each Score

Your Score History

You have not taken this quiz